Этилен. Физико-химические свойства: пер. с англ.

Dades bibliogràfiques
Altres autors: Миллер С. А. (редактор)
Sumari:Доп. тит. лист
Idioma:rus
Publicat: Москва, Химия, 1977
Matèries:
Format: MixedMaterials Llibre
KOHA link:https://koha.lib.tpu.ru/cgi-bin/koha/opac-detail.pl?biblionumber=72926

MARC

LEADER 00000nam0a2200000 4500
001 72926
005 20231101212656.0
035 |a (RuTPU)RU\TPU\book\77762 
090 |a 72926 
100 |a 20050204d1977 km y0rusy50 ca 
101 1 |a rus  |c eng 
102 |a RU 
105 |a a g 001zy 
200 1 |a Этилен. Физико-химические свойства  |e пер. с англ.  |f Под ред. С. А. Миллера 
210 |a Москва  |c Химия  |d 1977 
215 |a 167 с.  |c ил. 
300 |a Доп. тит. лист 
320 |a Списки литературы в тексте. 
320 |a Предметный указатель: с. 164-167. 
606 1 |a Этилен  |x Химия  |2 stltpush  |3 (RuTPU)RU\TPU\subj\76037  |9 87498 
610 1 |a физико-химические свойства 
610 1 |a справочники 
610 1 |a плотность 
610 1 |a нефтехимическая промышленность 
610 1 |a пар 
610 1 |a давление 
675 |a 547.313(035)  |v 3 
702 1 |a Миллер  |b С. А.  |4 340 
801 1 |a RU  |b 63413507  |c 20050204  |g PSBO 
801 2 |a RU  |b 63413507  |c 20170215  |g PSBO 
942 |c BK